Koncepcia univerzálnych ľudských práv v moderne a postmoderne bakalárska práca

Na minha lista:
Detalhes bibliográficos
Autor principal: Pecková, Natália
Autor Corporativo: Fakulta medzinárodných vzťahov EU. Katedra medzinárodných ekonomických vzťahov a hospodárskej diplomacie
Outros Autores: Škvrnda, František, ml., 1987-
Formato: Livro
Idioma:eslovaco
Publicado em: Bratislava 2020
Tags: Adicionar Tag
Sem tags, seja o primeiro a adicionar uma tag!

MARC

LEADER 00000nbm a2200000 4500
001 0265831
005 20210520095002.9
041 0 |a slo 
044 |a SK 
245 1 0 |a Koncepcia univerzálnych ľudských práv v moderne a postmoderne  |b bakalárska práca  |c Natália Pecková ; školiteľ: František Škvrnda ml. 
264 1 |a Bratislava  |c 2020 
300 |a 41 s. 
100 1 |a Pecková, Natália 
700 1 |a Škvrnda, František, ml., 1987- 
710 2 |a Fakulta medzinárodných vzťahov EU. Katedra medzinárodných ekonomických vzťahov a hospodárskej diplomacie